Péče založená na vztahu : dva inspirativní zahraniční koncepty v teorii a praxi : absolventská práce / Antonie Dudková ; vedoucí práce Iveta Kaňková
Práce se zabývá péčí založenou na vztahu. V první části se věnuje obecnému významu vztahu při práci s lidmi, roli osobnosti pracovníka a vnitřním světům každého člověka s ohledem na kvalitu vztahů v pomáhajících profesích. V druhé části popisuje předpoklady a základy konceptu na osobu zaměřeného přístupu a jeho zásady a principy pro každodenní praxi v pomáhajících profesích. V poslední části se pak věnuje dvěma zahraničním praxím – Domovu seniorů Gramastetten a neziskové organizaci Community Initiatives For Social Ecology, které obě vycházejí z konceptu na osobu zaměřeného přístupu. V této části popisuje teoretické základy obou organizací, které pak porovnává s praxí. V závěru zhodnotí praktické využití přístupu zaměřeného na osobu a jeho silné a slabé stránky.
Record details
- Physical Description: 49 stran ; 31 cm
Content descriptions
| Dissertation Note: | Absolventská práce (Dis.), Jabok - Vyšší odborná škola sociálně pedagogická a teologická, 2024 |
| Bibliography, etc. Note: | Obsahuje bibliografii |
Search for related items by subject
| Genre: | absolventské práce |
Available copies
- 1 of 1 copy available at Common Catalog SPOK.
Holds
- 0 current holds with 1 total copy.
Show Only Available Copies
| Location | Call Number / Copy Notes | Barcode | Shelving Location | Status | Due Date |
|---|---|---|---|---|---|
| Jabok Library | ABP-2572 | 424480046543 | Absolventské práce | Reference | - |
Electronic resources
Version of Resource: Plný text
| LDR | ntm a22 i 4500 | ||
|---|---|---|---|
| 001 | 58100 | ||
| 003 | CZ-PrJAB | ||
| 005 | 20241116120100.0 | ||
| 007 | ta | ||
| 008 | 241116s2024 xr e 000 0 cze | ||
| 040 | . | ‡aABG312 ‡bcze ‡erda | |
| 041 | 0 | . | ‡acze ‡beng |
| 072 | 7. | ‡a364-1/-7 ‡xDruhy sociální pomoci a služeb ‡2Konspekt ‡918 | |
| 100 | 1 | . | ‡aDudková, Antonie ‡4aut |
| 245 | 1 | 0. | ‡aPéče založená na vztahu : ‡bdva inspirativní zahraniční koncepty v teorii a praxi : absolventská práce / ‡cAntonie Dudková ; vedoucí práce Iveta Kaňková |
| 264 | 0. | ‡c2024 | |
| 300 | . | ‡a49 stran ; ‡c31 cm | |
| 336 | . | ‡atext ‡btxt ‡2rdacontent | |
| 337 | . | ‡abez média ‡bn ‡2rdamedia | |
| 338 | . | ‡asvazek ‡bnc ‡2rdacarrier | |
| 502 | . | ‡aAbsolventská práce (Dis.), Jabok - Vyšší odborná škola sociálně pedagogická a teologická, 2024 | |
| 504 | . | ‡aObsahuje bibliografii | |
| 520 | 3 | . | ‡aPráce se zabývá péčí založenou na vztahu. V první části se věnuje obecnému významu vztahu při práci s lidmi, roli osobnosti pracovníka a vnitřním světům každého člověka s ohledem na kvalitu vztahů v pomáhajících profesích. V druhé části popisuje předpoklady a základy konceptu na osobu zaměřeného přístupu a jeho zásady a principy pro každodenní praxi v pomáhajících profesích. V poslední části se pak věnuje dvěma zahraničním praxím – Domovu seniorů Gramastetten a neziskové organizaci Community Initiatives For Social Ecology, které obě vycházejí z konceptu na osobu zaměřeného přístupu. V této části popisuje teoretické základy obou organizací, které pak porovnává s praxí. V závěru zhodnotí praktické využití přístupu zaměřeného na osobu a jeho silné a slabé stránky. |
| 653 | 0 | . | ‡apomáhající profese ‡apřístup ‡azaměření na osobu |
| 653 | 0 | . | ‡adomovy seniorů ‡asociální pracovník |
| 655 | 7. | ‡aabsolventské práce ‡7ph202176 ‡2czenas | |
| 700 | 1 | . | ‡aKaňková, Iveta ‡4ths |
| 710 | 2 | . | ‡aJabok - Vyšší odborná škola sociálně pedagogická a teologická |
| 856 | 4 | 1. | ‡uhttps://is.jabok.cz/th/a3tvz/Pece_zalozena_na_vztahu_finalni_verze.pdf ‡yPlný text |
| 910 | . | ‡aABG312 | |
| 901 | . | ‡a58100 ‡bAUTOGEN ‡c58100 ‡tbiblio | |